|
|
|
|
| LEADER |
00000nam a2200000 i 4500 |
| 001 |
DIGBRUJ279 |
| 003 |
NyNyDIG |
| 008 |
200710s2017 ag a ob 000 0 spa d |
| 006 |
m o d |
| 007 |
cr ||||||||||| |
| 035 |
|
|
|a (OCoLC)1184461470
|
| 040 |
|
|
|a DGITA
|b eng
|e rda
|e pn
|c DGITA
|
| 020 |
|
|
|a 9789877600995
|q online
|
| 020 |
|
|
|a 9877600994
|q online
|
| 020 |
|
|
|z 9789877600759
|
| 020 |
|
|
|z 9877600757
|
| 043 |
|
|
|a s-ag---
|
| 050 |
1 |
4 |
|a F2849.3 ebook
|
| 082 |
0 |
4 |
|a 982.07
|
| 100 |
1 |
|
|a Seleme, Hugo Omar,
|e author.
|
| 245 |
1 |
0 |
|a Bitácora del naufragio :
|b en la tormenta neoliberal /
|c Hugo Omar Seleme.
|
| 250 |
|
|
|a 1º edición.
|
| 264 |
|
1 |
|a Córdoba, Argentina :
|b Editorial Brujas,
|c [2017]
|
| 300 |
|
|
|a 1 online resource :
|b illustrations.
|
| 336 |
|
|
|a text
|b txt
|2 rdacontent
|
| 337 |
|
|
|a computer
|b c
|2 rdamedia
|
| 338 |
|
|
|a online resource
|b cr
|2 rdacarrier
|
| 347 |
|
|
|a text file
|2 rdaft
|
| 347 |
|
|
|b PDF
|
| 588 |
0 |
|
|a Online resource; title from PDF title page (Digitalia, viewed July 10, 2020)
|
| 650 |
|
0 |
|a Neoliberalism
|z Argentina.
|
| 651 |
|
0 |
|a Argentina
|x Politics and government
|y 21st century.
|
| 655 |
|
0 |
|a Electronic books.
|
| 791 |
2 |
|
|a Digitalia (Firm),
|e distributor.
|
| 793 |
0 |
|
|g Digitalia eBook Collection:
|a Editorial Brujas
|
| 776 |
0 |
8 |
|i Print version:
|a Seleme, Hugo Omar.
|t Bitácora del naufragio.
|d Córdoba, Argentina : Editorial Brujas, ©2017
|z 9789877600759
|w (OCoLC)1032657497
|
| 856 |
4 |
0 |
|3 Digitalia Hispánica
|u https://www.digitaliapublishing.com/a/51180/
|
| 910 |
|
|
|a Premium collection: 2020
|